000 00457nam a2200157 a 4500
001 000024140
005 20200930022742.0
008 110119s1964 uy r 000 0 spa d
040 _aDO-SdBNP
_bspa
_cBNPHU
082 _axxxxx
_bA481c
100 1 _aAmado Melo, Enrique
_949568
245 1 0 _aCosecha anual :
_bpoemas /
_cEnrique Amado Melo.
260 _aMontevideo :
_bCooperativa Nacional de Escritores,
_c1964.
300 _a23 p. ;
_c17 cm.
049 _aBNGR
999 _c23634
_d23634